Układ Słoneczny - test wiedzy - Statystyki

Ogólne statystyki
  • Ten quiz został rozwiązany 151 razy
  • Średni wynik to 8 z 15
Statystyki odpowiedzi
Zagadnienie Odpowiedź % Poprawnych
Czy Ziemia ma satelite naturalnego? Tak
91%
Czy na Wenus istnieje woda w stanie ciekłym? Nie
81%
Czy Saturn to największa planeta? Nie
78%
Jak się nazywa największy księżyc Jowisza? Ganymedes
66%
Jak się nazywa największy księżyc Neptuna? Tryton
66%
Ile księżyców ma Mars? 2
63%
Z jakiego pierwiastku najwięcej jest zrobiony Jowisz? Wodór i hel
63%
Czy Merkury to najgorętsza planeta? Nie
59%
Jak się nazywa największy księżyc Urana? Tytania
56%
Jak zginie Słońce? Stanie się czerwonym olbrzymem a potem białym karłem.
50%
Czy Tytan, największy księżyc Saturna ma atmosfere i ocean z wodą w stanie ciekłym? Tak
47%
Czy Pluton ma księżyce, Jeżeli tak, to ile? >3
41%
Jakim rodzajem gwiazdy jest Słońce? Żółty karzeł
38%
Jaka jest średnica Słońca? 1'250'000 - 1'500'000 km
31%
Jak wielki jest Układ Słoneczny w latach świetlnych? >3
19%
Nie znaleziono quizów pasujących do podanych kryteriów
Rozkład punktacji
Procent ludzi z każdym wynikiem
Percentyl według liczby udzielonych odpowiedzi
Twoja historia wyników
Nie rozwiązałeś tego quizu